1940 1548 1412 1328 1900 1829 1196 1631 1666 1839 1968 1918 1135 1323 1156 1752 1209 1656 1578 1085 1139 1102 1155 1128 1161 1972 1829 1053 1050 1625 1597 1302 1678 1427 1941 1734 1426 1416 1569 1403 1511 1858 1264 1304 1287 1521 1307 1690 1780 1239 1631 1801 1809 1639 1762 1107 1417 1613 1877 1996 1847 1049 1338 1137 1858 1839 1350 1544 1857 1536 1225 1892 1610 1323 1421 1652 1834 1420 1440 1291 1934 1785 1770 1442 1513 1245 1623 1379 1641 1720 1020 1329 1072 1026 1306 1811 1447 1524 1925 BCNSPRNW ULIB Ver.6.0+V

เปลี่ยนเป็นภาษาไทย

Change to English
 แสดงรายละเอียดบรรณานุกรม
  กลับหน้าหลัก

Brief Record : Get Marc (ISO 2709) : E-mail record : QR code < ปิดหน้าต่าง
LEADER : 00000nam 2200000uu 4500
001    13399114678
003     ULIB
008    120429s2551||||th 000 0 tha d
020    ^a9789742988616
060 04 ^aWB537^bว543ก
100 0  ^aวิชัย อึงพินิจพงศ์
245 10 ^aการนวดแผนไทยเพื่อการบำบัด /^cวิชัย อึงพินิจพงศ์
250    ^aพิมพ์ครั้งที่ 1
260    ^aกรุงเทพฯ :^bสุวีริยาสาส์น,^c2551
300    ^a223 หน้า :^bภาพประกอบ ;^c21 ซม.
650  7 ^aกายภาพบำบัด
650  7 ^aการนวด^zไทย
650  7 ^aการบำบัดด้วยการนวด
945    ^p160^l0^i18978
945    ^p160^l0^i16668
995    ^a เกษร
999    ^aใช้งานได้ทุกระบบ
รายการนี้ยังไม่มีแท็ก
คุณยังไม่ได้ล็อกอิน คุณสามารถมีกิจกรรมร่วมกับเว็บไซต์ได้ แต่ต้องล็อกอินก่อน ::
  ล็อกอิน

รายการสื่อสารสนเทศ

ลำดับที่ ประเภท เลขเรียก/บาร์โค้ด สถานที่ สถานะ
1. วิทยาศาสตร์การแพทย์ และสุขภาพ
วิทยาศาสตร์การแพทย์ และสุขภาพ
WB537 ว543ก  
  Barcode: 18978
ห้องสมุดวิทยาเขตสวรรค์ประชารักษ์
►ส่วนจัดเก็บหนังสือเก่า สปร
บนชั้น
  ขอยืม

รายการใกล้เคียง
    ผู้แต่ง [วิชัย อึงพินิจพงศ์]

    หัวเรื่อง [กายภาพบำบัด]
    หัวเรื่อง [การบำบัดด้วยการนวด]

BibComment


ยังไม่เคยถูกคอมเมนท์

คอมเมนท์ทรัพยากรรายการนี้
  คอมเมนท์: การนวดแผนไทยเพื่..


 Copyright 2026. Bcnsprnw @Library